El Derecho de familia y el Derecho de sucesión en nuestra legislación de Indias / (Record no. 116673)

MARC details
000 -LEADER
campo de control de longitud fija 00472nam a2200145 4500
001 - NÚMERO DE CONTROL
campo de control 116673
003 - IDENTIFICADOR DE NÚMERO DE CONTROL
campo de control ES-MaACL
005 - FECHA Y HORA DE LA ÚLTIMA TRANSACCIÓN
campo de control 20230906190740.0
007 - CAMPO FIJO DE DESCRIPCIÓN FÍSICA--INFORMACIÓN GENERAL
campo de control de longitud fija t|
008 - DATOS DE LONGITUD FIJA--INFORMACIÓN GENERAL
campo de control de longitud fija 061121s1921 sp r ||||1| spa d
100 1# - ENTRADA PRINCIPAL--NOMBRE DE PERSONA
Nombre de persona Ots Capdequí, José María.
9 (RLIN) 87937
245 13 - MENCIÓN DEL TÍTULO
Título El Derecho de familia y el Derecho de sucesión en nuestra legislación de Indias /
Mención de responsabilidad, etc. José María Ots Capdequi.
260 ## - PUBLICACIÓN, DISTRIBUCIÓN, ETC.
Lugar de publicación, distribución, etc. Madrid :
Nombre del editor, distribuidor, etc. [s.n.],
Fecha de publicación, distribución, etc. 1921 (
Fabricante Imp. Helénica)
852 ## - LOCALIZACIÓN
Ubicación ES-MaACL
Número de control de estantería 1617-F-15
Holdings
Estatus retirado Estado de pérdida Estado de daño No para préstamo Colección Biblioteca de origen Biblioteca actual Ubicación en estantería Fecha de adquisición Fuente de adquisición Total de préstamos Signatura topográfica completa Código de barras Visto por última vez Precio de reemplazo Tipo de ítem Koha
        Colección de folletos Biblioteca del Ateneo de Madrid Biblioteca del Ateneo de Madrid Depósito folletos 17/01/2008     1617-F-15 1121658 23/02/2023 23/02/2023 Folleto